ARRUPE JESUIT UNIVERSITY

CORONAVIRUS -STOP THE SPREAD - CLEAN,DISINFECT,COVER

Reinventing your board : (Record no. 128706)

MARC details
000 -LEADER
fixed length control field 01504cam a22003374a 4500
001 - CONTROL NUMBER
control field 14172957
003 - CONTROL NUMBER IDENTIFIER
control field ARRUPE
005 - DATE AND TIME OF LATEST TRANSACTION
control field 20181204104115.0
008 - FIXED-LENGTH DATA ELEMENTS--GENERAL INFORMATION
fixed length control field 051118s2006 caua b 001 0 eng
010 ## - LIBRARY OF CONGRESS CONTROL NUMBER
LC control number 2005033969
020 ## - INTERNATIONAL STANDARD BOOK NUMBER
International Standard Book Number 0787981818 (cloth)
020 ## - INTERNATIONAL STANDARD BOOK NUMBER
International Standard Book Number 9780787981815
035 ## - SYSTEM CONTROL NUMBER
System control number (OCoLC)ocm62381307
040 ## - CATALOGING SOURCE
Original cataloging agency DLC
Transcribing agency DLC
Modifying agency YDX
-- BAKER
-- LMU
-- DLC
042 ## - AUTHENTICATION CODE
Authentication code pcc
050 00 - LIBRARY OF CONGRESS CALL NUMBER
Classification number HD2745
Item number .C3727 2006
082 00 - DEWEY DECIMAL CLASSIFICATION NUMBER
Classification number 658.4/22
Edition number 22
300 ## - PHYSICAL DESCRIPTION
Other physical details ill. ;
Dimensions 24 cm.
100 1# - MAIN ENTRY--PERSONAL NAME
Personal name Carver, John.
9 (RLIN) 43764
245 10 - TITLE STATEMENT
Title Reinventing your board :
Remainder of title a step-by-step guide to implementing policy governance /
Statement of responsibility, etc John Carver, Miriam Carver.
250 ## - EDITION STATEMENT
Edition statement Rev. ed., 2nd ed.
260 ## - PUBLICATION, DISTRIBUTION, ETC. (IMPRINT)
Place of publication, distribution, etc San Francisco :
Name of publisher, distributor, etc Jossey-Bass,
Date of publication, distribution, etc c2006.
300 ## - PHYSICAL DESCRIPTION
Extent xxiv, 303 p. :
504 ## - BIBLIOGRAPHY, ETC. NOTE
Bibliography, etc Includes bibliographical references (p. 295-296) and index.
650 #0 - SUBJECT ADDED ENTRY--TOPICAL TERM
Topical term or geographic name as entry element Directors of corporations.
9 (RLIN) 43765
650 #0 - SUBJECT ADDED ENTRY--TOPICAL TERM
Topical term or geographic name as entry element Corporate governance.
9 (RLIN) 43766
700 1# - ADDED ENTRY--PERSONAL NAME
Personal name Carver, Miriam Mayhew.
9 (RLIN) 43767
856 41 - ELECTRONIC LOCATION AND ACCESS
Materials specified Table of contents only
Uniform Resource Identifier <a href="http://www.loc.gov/catdir/toc/ecip064/2005033969.html">http://www.loc.gov/catdir/toc/ecip064/2005033969.html</a>
856 42 - ELECTRONIC LOCATION AND ACCESS
Materials specified Publisher description
Uniform Resource Identifier <a href="http://www.loc.gov/catdir/enhancements/fy0623/2005033969-d.html">http://www.loc.gov/catdir/enhancements/fy0623/2005033969-d.html</a>
856 42 - ELECTRONIC LOCATION AND ACCESS
Materials specified Contributor biographical information
Uniform Resource Identifier <a href="http://www.loc.gov/catdir/enhancements/fy0659/2005033969-b.html">http://www.loc.gov/catdir/enhancements/fy0659/2005033969-b.html</a>
906 ## - LOCAL DATA ELEMENT F, LDF (RLIN)
a 7
b cbc
c orignew
d 1
e ecip
f 20
g y-gencatlg
942 ## - ADDED ENTRY ELEMENTS (KOHA)
Source of classification or shelving scheme Library of Congress Classification
Koha item type Monograph ( Printed materials)
Holdings
Withdrawn status Lost status Source of classification or shelving scheme Damaged status Not for loan Collection code Home library Current library Shelving location Date acquired Total Checkouts Full call number Barcode Date last seen Date checked out Price effective from Koha item type
    Library of Congress Classification     Main Collection ARRUPE LIBRARY ARRUPE LIBRARY Main Collection 04/12/2018 3 HD2745 .C3727 2006 46600002726 19/11/2019 06/11/2019 04/12/2018 Monograph ( Printed materials)

 

Arrupe Library. PO Box MP320 Mt Pleasant, Harare, Zimbabwe
263 242 745411|librarian@aju.ac.zw